Intergenerational Mobility Begins Before Birth
Problematika plánovaného rodičovstva v USA. Endogénne plánované rodičovstvo a znižovanie medzigeneračnej mobility. Rozdiely v nákladoch na plánované rodičovstvo a ich vplyv na medzigeneračné pretrvávanie ekonomického postavenia a príjmovú nerovnosť.
Gespeichert in:
| 1. Verfasser: | |
|---|---|
| Weitere Verfasser: | |
| Format: | Buchkapitel |
| Sprache: | Englisch |
| Schlagworte: | |
| Tags: |
Keine Tags, Fügen Sie das erste Tag hinzu!
|
MARC
| LEADER | 00000naa a2200000 4500 | ||
|---|---|---|---|
| 001 | 0287207 | ||
| 005 | 20220810083340.0 | ||
| 041 | 0 | |a eng | |
| 044 | |a NL | ||
| 245 | 1 | 0 | |a Intergenerational Mobility Begins Before Birth |c Ananth Seshadri, Anson Zhou |
| 520 | |a Problematika plánovaného rodičovstva v USA. Endogénne plánované rodičovstvo a znižovanie medzigeneračnej mobility. Rozdiely v nákladoch na plánované rodičovstvo a ich vplyv na medzigeneračné pretrvávanie ekonomického postavenia a príjmovú nerovnosť. | ||
| 610 | 2 | 0 | |a rodina |
| 610 | 2 | 0 | |a deti |
| 610 | 2 | 0 | |a plánovanie |
| 610 | 2 | 0 | |a kapitál ľudský |
| 610 | 2 | 0 | |a náklady |
| 610 | 2 | 0 | |a vzdelanie |
| 610 | 2 | 0 | |a USA |
| 100 | 1 | |a Seshadri, Ananth | |
| 700 | 1 | |a Zhou, Anson | |